Letra - Phineas & Ferb (Intro) - Estadísticas

Estadísticas generales
  • Esta prueba ha sido intentada 256 veces
  • La puntuación promedio es 81 de 116
Estadísticas de respuestas
- % Correcto
la
92%
vacaciones
91%
y
91%
es
90%
de
88%
a
87%
verano
85%
las
83%
los
83%
un
82%
Un
82%
días
81%
torre
81%
o
80%
100
79%
con
79%
Eiffel.
79%
que
78%
como
77%
Como
77%
en
77%
Más
77%
más!
77%
mono
77%
hay
76%
menos
76%
nuevo.
76%
pasarlo
75%
clases
74%
escalar
74%
llegan
74%
Phineas
74%
Ferb
73%
gel.
72%
miedo.
72%
existió
70%
hacer
69%
luchar
69%
nunca
69%
problema
69%
por
68%
algo
67%
contra
67%
momias
67%
ocasiones
67%
bañemos
62%
Descubramos
62%
(Mamá,
62%
están
61%
sesos
60%
antes
59%
artificial,
59%
estudiar.
59%
haciendo
59%
créditos
58%
eso
58%
iniciales.)
58%
ir
58%
El
57%
haremos
57%
nación
57%
mucho
55%
pintemos
54%
enloquecer.
53%
otra
53%
vez
53%
Frankenstein.
52%
puente,
52%
temporal
51%
extinción,
50%
ave
48%
Podrías
46%
hagámosla
44%
vida
32%
aquí
30%
ves
23%
¡Quedaos
22%
Buscar
15%
No se encontraron pruebas coincidentes
Distribución de puntuación
Porcentaje de gente con cada puntuación
Porcentaje por número respondido
Historial de tus puntuaciones
No has intentado esta prueba.